Les 20 pays avec la monnaie la plus forte. - Statistiques

Statistiques générales
  • Ce quiz a été pris 138 fois
  • Le résultat moyen est 6 sur 20
Statistiques - réponses
Places Pays % Correct
9 etats-unis
97%
12 canada
66%
14 australie
61%
20 bresil
53%
8 suisse
52%
5 angleterre
42%
17 nouvelle zelande
41%
7 europe
37%
15 singapour
30%
1 koweit
24%
2 bahrein
23%
3 oman
19%
4 jordanie
16%
16 brunei
15%
13 panama
10%
10 bahamas
8%
19 fidji
6%
18 bulgarie
3%
6 iles caimans
3%
11 bermudes
1%
Aucun quiz correspondant
Distribution des résultats
% des personnes avec chaque résultat
Percentile par nombre de réponses
Votre historique - résultats
Vous n’avez pas pris ce quiz